El contrato de trabajo (Registro nro. 31102)
[ vista simple ]
| 000 -CABECERA | |
|---|---|
| Longitud fija campo de control | 00863nam a2200217 a 4500 |
| 003 - • IDENTIFICADOR DELl NÚMERO DE CONTROL | |
| Identificador del número de control | CO-ViMGA |
| 008 - • CÓDIGOS DE INFORMACIÓN DE LONGITUD FIJA | |
| Códigos de información de longitud fija | 141112s2004 ck r 000 u spa d |
| 020 ## - • NÚMERO INTERNACIONAL NORMALIZADO PARA LIBROS | |
| Número Internacional Normalizado para Libros (ISBN) | 9586760979 |
| 040 ## - FUENTE DE LA CATALOGACIÓN | |
| Centro catalogador de origen | CO-ViMGA |
| Lengua de catalogación | spa |
| Centro transcriptor | CO-ViMGA |
| 082 04 - • NÚMERO DE LA CLASIFICACIÓN DECIMAL DEWEY | |
| Número de clasificación (R) | 331.110986 R637c |
| 100 1# - • PUNTO DE ACCESO PRINCIPAL-NOMBRE DE PERSONA | |
| Nombre de persona | Rodriguez Ortega, Julio Armando |
| 245 10 - • TITULO PROPIAMENTE DICHO | |
| Título | El contrato de trabajo |
| 300 ## - • DESCRIPCIÓN FÍSICA | |
| Extensión | 274p. |
| 505 ## - • NOTA DE CONTENIDO CON FORMATO | |
| Nota de contenido con formato | El contracto de trabajo como realidad juridica, El contracto de trabajo en la sociedad moderna, Nuevas formas juridicas del contrato de trabajo, Evolucion juridicas del contrato de trabajo, Evolucion juridico conceptual del contrato de trabajo. |
| 650 14 - • PUNTO DE ACCESO ADICIONAL DE MATERIA - TÉRMINO DE MATERIA | |
| Término de materia o nombre geográfico como elemento inicial | CONTRACTOS DE TRABAJO - LEGISLACION - COLOMBIA |
| 650 14 - • PUNTO DE ACCESO ADICIONAL DE MATERIA - TÉRMINO DE MATERIA | |
| Término de materia o nombre geográfico como elemento inicial | CONTRATOS DE TRABAJO - COLOMBIA |
| 650 14 - • PUNTO DE ACCESO ADICIONAL DE MATERIA - TÉRMINO DE MATERIA | |
| Término de materia o nombre geográfico como elemento inicial | DERECHO LABORAL - COLOMBIA |
| 942 ## - ENTRADA DE ELEMENTOS AGREGADOS (KOHA) | |
| Fuente de clasificaión o esquema | Dewey Decimal Classification |
| Koha [por defecto] tipo de item | LIbro |
| Perdido | Fuente de clasificación o esquema | Estado Físico | No para préstamo | Forma de adquisición | Localización permanente | Localización actual | Fecha adquisición | Serie de enumeración / cronolog&íacute;a | Préstamos totales | Signatura completa | Código de barras | Fecha última consulta | Fecha último préstamo | Número de copia | Fecha del precio de reemplazo | Tipo de item de Koha |
|---|---|---|---|---|---|---|---|---|---|---|---|---|---|---|---|---|
| Dewey Decimal Classification | Sala Especializada Tercer Piso | Biblioteca Pública Germán Arciniegas - Villavicencio | Biblioteca Pública Germán Arciniegas - Villavicencio | 12/04/2015 | Volumen. 1 | 09/nov/2009 | 1 | 331.110986 R637c | 22805 | 09/22/2018 | 09/22/2018 | Ej. 1 | 12/04/2015 | LIbro |